Living Donor Organ Transplantation (Record no. 16438)

000 -LEADER
fixed length control field 00546nam a22002057a 4500
003 - CONTROL NUMBER IDENTIFIER
control field OSt
005 - DATE AND TIME OF LATEST TRANSACTION
control field 20170105103440.0
008 - FIXED-LENGTH DATA ELEMENTS--GENERAL INFORMATION
fixed length control field 120202t xxu||||| |||| 00| 0 eng d
020 ## - INTERNATIONAL STANDARD BOOK NUMBER
International Standard Book Number 9780071455497
040 ## - CATALOGING SOURCE
Transcribing agency ASAB
050 ## - LIBRARY OF CONGRESS CALL NUMBER
Classification number 617.9
100 ## - MAIN ENTRY--PERSONAL NAME
Personal name Painer W G Gruessner
9 (RLIN) 26
245 ## - TITLE STATEMENT
Title Living Donor Organ Transplantation
Statement of responsibility, etc. Rainer W. G Gruessner
250 ## - EDITION STATEMENT
Edition statement Intermational
260 ## - PUBLICATION, DISTRIBUTION, ETC.
Place of publication, distribution, etc. New York
Name of publisher, distributor, etc. McGraw Hill
Date of publication, distribution, etc. 2008
300 ## - PHYSICAL DESCRIPTION
Extent 790
440 ## - SERIES STATEMENT/ADDED ENTRY--TITLE
Title Living Donor Organ Transplantation
9 (RLIN) 27
650 ## - SUBJECT ADDED ENTRY--TOPICAL TERM
Source of heading or term Transplantation
9 (RLIN) 28
942 ## - ADDED ENTRY ELEMENTS (KOHA)
Source of classification or shelving scheme
Koha item type Book
Holdings
Withdrawn status Lost status Source of classification or shelving scheme Damaged status Not for loan Collection code Permanent Location Current Location Date acquired Total Checkouts Full call number Barcode Date last seen Price effective from Koha item type
            Atta-ur-Rahman School of Applied Biosciences (ASAB) Atta-ur-Rahman School of Applied Biosciences (ASAB) 05/11/2012   617.9,GRU ASAB1332 05/11/2012 05/11/2012 Book
© 2023 Central Library, National University of Sciences and Technology. All Rights Reserved.